| 000 | 00448cam a2200181ua 4500 | ||
|---|---|---|---|
| 020 | _c9.60 | ||
| 041 |
_aeng _h |
||
| 082 |
_a574 _bBUF/PR |
||
| 100 | _aBuffaloe, Neal D . | ||
| 245 |
_aPrinciples of biology / _cNeal D Buffaloe. _hTextual Documents |
||
| 250 |
_a1 / _b. |
||
| 260 |
_aNew Delhi : _bPrentice Hall of India Pvt Ltd. , _c1964. |
||
| 300 | _a365 ; . | ||
| 365 | _a9.60 | ||
| 504 | _a | ||
| 942 | _cBK | ||
| 999 |
_c9615 _d9615 |
||